000 01344nam a22001937a 4500
999 _c61577
_d61577
005 20240326110810.0
008 240326c2002 ge ||||| |||| 00| 0 geo d
022 _a1512-0619
041 _ageo
245 _aკავკასიის მაცნე = Кавказский вестник = Caucasian messenger /
_b2002 /
_cსაქართველოს პარლამეტის ეროვნული ბიბლიოთეკა; კავკასიოლოგთა საერთაშორისო ასოციაცია; თბილისის სახელმწიფო უნივერსიტეტი ივ. ჯავახიშვილის სახელობის; მოსკოვის სახელმწიფო ლინგვისტიკური უნივერსიტეტი.
260 _aთბილისი,
_c2000-
300 _aV.
653 _aკავკასიის მაცნე
653 _aისტორია
653 _aარქიტექტურა
710 _aსაქართველოს პარლამეტის ეროვნული ბიბლიოთეკა
_921584
710 _a თბილისის სახელმწიფო უნივერსიტეტი
_921585
942 _2udc
_cCR